000 00756nas a2200253 4500
001 BR9800111
003 BR-BrBNA
005 20231205100652.0
007 ta
008 230509b bl.|||p| |||| 00| 00por d
040 _aBR-BrBNA
_bpor
_cBiblioteca Nacional de Agricultura
041 _a(Pt)
072 _aK50
100 1 _aVasconcellos, F.J. de
100 1 _aSilva, A.C. e
100 1 _aFreitas, A. de
245 1 _aDeposicao de silica e cristais no xilema de especies tropicais da familia Caesalpiniaceae
650 _aMadeira
650 _aXilema
650 _aSilica
773 0 _tRevista Arvore (Brazil)
_xISSN 0100-6762
_g(Sep-Dec 1993), v. 17(3) p. 369-379
_wBR9800111
909 _a202311
_bLúcia
_c55
_dLúcia Elande
942 _2AGRIS
_n0
_cANA
999 _c157356
_d157356